00843nam a22002537a 4500999001500000001000600015003000900021005001700030008004100047020001800088040003800106082001600144100002400160245008400184250001300268260004800281300004500329500002000374650002100394650002300415700002500438942001200463952011400475 c6588d658820685BD-DhUAP20210104124221.0200218s20162014ii ||||| |||| 001 0 eng d a9788126557202 aBD-DhUAPbEngcBD-DhUAPdBD-DhUAP 223a368 VAU aVaughan, Emmett J.  aFundamentals of risk and insurance /cEmmett J. Vaughan and Therese M. Vaughan. a11th ed. aNew York :bWiley,cc2014 [Reprinted 2016]. avarious pages :billustrations ;c23 cm. aIncludes index. aRisk management. aRisk (Insurance).  aVaughan, Therese M.  2ddccBK 00102ddc4070aUAPCLbUAPCLcGeneral Stacksd2021-01-04o368 VAUp3010020685r2021-01-04t1w2021-01-04yBK